Top 10 most important and famous people from Georgia (USA) - Statistics

General Stats
  • This quiz has been taken 47 times
  • The average score is 7 of 10
Answer Stats
Hint Answer % Correct
Baptist minister and activist, one of the most prominent leaders in the civil rights movement from 1955 until his assassination in 1968, winner of Nobel Peace Prize in 1964 Martin Luther King Jr.
100%
President from 1977 to 1981, winner of Nobel Peace Prize in 2002 Jimmy Carter
88%
Baseball player who became the first African American to play in MLB Jackie Robinson
80%
Actress famous for her roles in My Best Friend's Wedding and Pretty Woman, winner of Academy Award in 2001 Julia Roberts
80%
Singer, Good Golly Miss Molly, Tutti Frutti Little Richard
72%
Singer, Hit the Road Jack, What'd I Say Ray Charles
72%
The most popular wrestler of the 1980s and one of the greatest wrestlers of all time Hulk Hogan
64%
Rapper, Stronger, Power Kanye West
52%
Actress famous for her roles in L.A. Confidential and 9½ Weeks, winner of Academy Award in 1998 Kim Basinger
52%
Director of Do the Right Thing and Malcolm X, two times winner of Academy Award Spike Lee
40%
No matching quizzes found
Score Distribution
Percent of People with Each Score
Percentile by Number Answered
Your Score History
You have not taken this quiz